Mario Kart World Characters - Statistics

General Stats
  • This quiz has been taken 93 times
  • The average score is 34 of 50
Answer Stats
Answer % Correct
Luigi
99%
Mario
99%
Bowser
96%
Peach
95%
Daisy
93%
Baby Luigi
89%
Baby Mario
89%
Baby Peach
89%
Bowser Jr.
88%
Baby Daisy
87%
Rosalina
87%
Toad
87%
Wario
86%
Baby Rosalina
84%
Donkey Kong
84%
Waluigi
84%
Yoshi
84%
Dry Bones
82%
Koopa Troopa
82%
Goomba
80%
King Boo
78%
Toadette
76%
Pauline
75%
Birdo
74%
Cow
72%
Shy Guy
67%
Cheep Cheep
64%
Lakitu
62%
Dolphin
61%
Penguin
61%
Fish Bone
59%
Piranha Plant
58%
Wiggler
58%
Swoop
57%
Spike
54%
Monty Mole
51%
Hammer Bro
50%
Para-Biddybud
50%
Chargin’ Chuck
49%
Conkdor
49%
Peepa
49%
Pokey
49%
Snowman
49%
Cataquack
47%
Sidestepper
47%
Pianta
45%
Coin Coffer
43%
Nabbit
43%
Rocky Wrench
42%
Stingby
42%
No matching quizzes found
Score Distribution
Percent of People with Each Score
Percentile by Number Answered
Your Score History
You have not taken this quiz